Bài tập kế toán chi phí

Saved in:
Bibliographic Details
Main Author: Phạm Văn Dược, PGS. TS
Format: Book
Published: Thống kê 2005
Tags: Add Tag
No Tags, Be the first to tag this record!
Institutions: Mạng thư viện Đại học Đà Nẵng
LEADER 00581nam a2200229 a 4500
001 000030289
003 23515
005 20171030145630.0
008 171030s2005
020 |c 24000 
040 |a LTT 
082 0 |a 657.42  |b PH-D 
100 1 |a Phạm Văn Dược, PGS. TS 
245 0 0 |a Bài tập kế toán chi phí  |c Phạm Văn Dược, Đào Tất Thắng. 
260 |b Thống kê  |c 2005 
OWN |a LTT 
999 |a From the UDN01 
TYP |a Monograph 
TYP |a Printed language 
980 |a Mạng thư viện Đại học Đà Nẵng